=LDR 00000nam 2200000 4500 =001 INLIS000000000028838 =005 20141027151726.0 =006 =007 =008 ind =035 ##$$a 0010-061300000028838 =041 ##$$a ind =082 ##$$a 641.013 =090 ##$$a 641.013, GAN u =100 ##$$a Ganie, Suryatini N =245 ##$$a Upaboga di Indonesia, Ensiklopedia pangan dan kumpulan resep, Suryatini N. Ganie =260 ##$$a 2005 $b Jakarta =300 ##$$a 336 hlm., ilus., 29 cm =650 ##$$a Gastronomi =650 ##$$a Indonesia =850 ##$$a NBPNMAT